| 000 | 00422nam a2200181Ia 4500 | ||
|---|---|---|---|
| 003 | LK-CoDNM | ||
| 008 | 010623t1948 xxu||||| |||| 00| 1 sin d | ||
| 040 |
_aLK-CoDNM _dLK-CoDNM _eLK-CoDNM |
||
| 041 | _asin | ||
| 080 | _a24 M 20 | ||
| 100 | _aPiyadasa,H.H. | ||
| 245 | _aවෙද පෙරමුණ | ||
| 246 | _aWeda Peramuna | ||
| 260 |
_b? _c1948 |
||
| 300 | _b157p., 21 cm | ||
| 650 | _aAyurveda | ||
| 942 | _cBK | ||
| 999 |
_c101431 _d101431 |
||